[Event "DVM U20 2024"]
[Site "Breisach am Rhein GER"]
[Date "2024.12.28"]
[Round "4"]
[White "Scheinmaier, Mark"]
[Black "Helmsdorf, Marius"]
[Result "1-0"]
[Termination "normal"]
[Board "6.2"]
[WhiteElo "1881"]
[BlackElo "1967"]
[WhiteTeam "Karlsruher SF 1853"]
[BlackTeam "ESV Gera"]
[PlyCount "89"]
[WhiteFideId "16238958"]
[BlackFideId "16274873"]
[EventCountry "GER"]
[EventRounds "7"]
[EventType "team-swiss"]
[EventDate "2024.12.26"]

1. e4 e6 2. d4 d5 3. Nc3 Nf6 4. e5 Nfd7 5. f4 c5 6. Nf3 Nc6 7. Be3 a6 8. Qd2 b5
9. h4 Be7 10. h5 Qa5 11. Rh3 b4 12. Ne2 Bb7 13. dxc5 Nxc5 14. Nfd4 Ne4 15. Qd1
Rc8 16. Nb3 Qc7 17. Ned4 Nxd4 18. Nxd4 Bc5 19. Bd3 Qb6 20. Bxe4 dxe4 21. c3
bxc3 22. bxc3 Bxd4 23. Bxd4 Qb2 24. Rb1 Qxg2 25. Rxb7 Qxh3 26. Qa4+ Kf8 27. Qd7
Qh4+ 28. Bf2 Qh1+ 29. Kd2 e3+ 30. Kc2 Rxc3+ 31. Kxc3 Qc1+ 32. Kb4 Qd2+ 33. Qxd2
exd2 34. Rd7 g5 35. Rxd2 Kg7 36. fxg5 Rb8+ 37. Kc4 Rb7 38. Kc5 h6 39. Be3 Rb5+
40. Kd6 hxg5 41. Bxg5 Rb1 42. Rg2 Kh7 43. Ke7 Rh1 44. Kxf7 Rxh5 45. Rg4 1-0

[Event "DVM U20 2024"]
[Site "Breisach am Rhein GER"]
[Date "2024.12.28"]
[Round "4"]
[White "Barz, Henrik"]
[Black "Haug, Mara"]
[Result "1/2-1/2"]
[Termination "normal"]
[Board "6.3"]
[WhiteElo "1735"]
[BlackElo "1948"]
[WhiteTeam "ESV Gera"]
[BlackTeam "Karlsruher SF 1853"]
[PlyCount "129"]
[WhiteFideId "34628320"]
[BlackFideId "16259300"]
[EventCountry "GER"]
[EventRounds "7"]
[EventType "team-swiss"]
[EventDate "2024.12.26"]

1. e4 c5 2. Nf3 Nc6 3. d4 cxd4 4. Nxd4 g6 5. Be3 Bg7 6. Nc3 Nf6 7. f3 O-O 8.
Be2 d5 9. exd5 Nxd5 10. Nxd5 Qxd5 11. Nxc6 Qxc6 12. c3 Be6 13. O-O Rfd8 14. Qc2
a5 15. a4 Bd5 16. Bb5 Qe6 17. Rfe1 Bb3 18. Qf2 Qf6 19. Bb6 Rd6 20. Bc5 Re6 21.
Rxe6 fxe6 22. Re1 Bh6 23. Bd4 Qf5 24. Qh4 Bg5 25. Qe4 Qxe4 26. Rxe4 Rd8 27. Kf2
Bc1 28. Re2 e5 29. Rxe5 Kf7 30. Re2 Rd5 31. Be3 Bxe3+ 32. Rxe3 Rd2+ 33. Re2
Rxe2+ 34. Kxe2 Ke6 35. Ke3 Ke5 36. h4 h6 37. f4+ Kf5 38. g3 Kg4 39. Kf2 g5 40.
Be2+ Kf5 41. fxg5 hxg5 42. g4+ Kf6 43. h5 Bxa4 44. Bd3 Bd7 45. Kf3 b6 46. Be4
Be6 47. Bc2 Bd7 48. Bd1 Ke5 49. Ke3 Be6 50. Kd3 Bg8 51. Ke3 Be6 52. Be2 Bd7 53.
Kf3 Be6 54. Bd3 Bd5+ 55. Kg3 Be6 56. Bc2 Bd7 57. Be4 Be6 58. Bg6 Bd7 59. Bf7
Kf6 60. Bg6 Ke5 61. h6 Kf6 62. h7 Kg7 63. Kf3 Be6 64. Be4 Bd7 65. Bg6 1/2-1/2

[Event "DVM U20 2024"]
[Site "Breisach am Rhein GER"]
[Date "2024.12.28"]
[Round "4"]
[White "Hoffmann, Alexander"]
[Black "Hanmuradov, Ülwi"]
[Result "1/2-1/2"]
[Termination "normal"]
[Board "6.4"]
[WhiteElo "1905"]
[BlackElo "1826"]
[WhiteTeam "Karlsruher SF 1853"]
[BlackTeam "ESV Gera"]
[PlyCount "90"]
[WhiteFideId "16240219"]
[BlackFideId "34658840"]
[EventCountry "GER"]
[EventRounds "7"]
[EventType "team-swiss"]
[EventDate "2024.12.26"]

1. c4 Nf6 2. g3 e6 3. Bg2 d5 4. e3 Be7 5. Ne2 O-O 6. O-O c6 7. b3 b6 8. Bb2 Bb7
9. f4 Nbd7 10. Qc2 Rc8 11. Nbc3 Qc7 12. Rad1 dxc4 13. bxc4 b5 14. Ne4 b4 15.
Nxf6+ Nxf6 16. c5 Qa5 17. Bxf6 Bxf6 18. d4 Ba6 19. Rb1 Rfd8 20. Rb3 Qb5 21. Re1
Rb8 22. Nc3 Qd3 23. Qxd3 Bxd3 24. Ne4 Bc4 25. Rb2 Bd5 26. Reb1 a5 27. a3 Rb5
28. axb4 Rdb8 29. Nc3 Rxb4 30. Rxb4 Rxb4 31. Bxd5 exd5 32. Rxb4 axb4 33. Nb1
Kf8 34. Kf2 Ke8 35. Ke2 Kd7 36. Kd3 Bd8 37. Kc2 g5 38. Kb3 gxf4 39. gxf4 Bh4
40. Nd2 Bf2 41. Nf1 Be1 42. Kc2 Ke6 43. Kd1 Bc3 44. Kc2 Kf5 45. Kd3 Be1 1/2-1/2

[Event "DVM U20 2024"]
[Site "Breisach am Rhein GER"]
[Date "2024.12.28"]
[Round "4"]
[White "Frank, Marian"]
[Black "Fischer, Darja"]
[Result "1/2-1/2"]
[Termination "normal"]
[Board "6.5"]
[WhiteElo "1747"]
[BlackElo "1841"]
[WhiteTeam "ESV Gera"]
[BlackTeam "Karlsruher SF 1853"]
[PlyCount "124"]
[WhiteFideId "16245059"]
[BlackFideId "16240898"]
[EventCountry "GER"]
[EventRounds "7"]
[EventType "team-swiss"]
[EventDate "2024.12.26"]

1. e4 c6 2. d4 d5 3. Nd2 dxe4 4. Nxe4 Bf5 5. Ng3 Bg6 6. Nf3 Nd7 7. Bd3 Bxd3 8.
Qxd3 e6 9. Be3 Ngf6 10. O-O Be7 11. Rad1 O-O 12. Ng5 Qc7 13. c3 Rad8 14. Qe2 c5
15. Rfe1 cxd4 16. Bxd4 Bc5 17. N3e4 Bxd4 18. Rxd4 h6 19. Nxf6+ Nxf6 20. Nf3 Rd5
21. Rxd5 Nxd5 22. Nd4 Rd8 23. Qc2 Nf4 24. Qb3 Nd5 25. g3 Kh8 26. Rd1 a6 27. Qc2
Ne7 28. Nf3 Nc6 29. Qe2 Kg8 30. h4 Kf8 31. Rxd8+ Qxd8 32. b3 Qd5 33. Kf1 Ne5
34. Qxe5 Qxf3 35. Qd6+ Ke8 36. Qd4 f6 37. c4 Qc6 38. a3 Qd7 39. Qxd7+ Kxd7 40.
Ke2 g5 41. hxg5 hxg5 42. Kd3 a5 43. Kd4 Kd6 44. b4 axb4 45. axb4 b6 46. g4 Kc6
47. c5 bxc5+ 48. bxc5 Kb5 49. f3 Kc6 50. Kc4 Kc7 51. Kb5 f5 52. c6 fxg4 53.
fxg4 e5 54. Kc5 e4 55. Kd4 Kxc6 56. Kxe4 Kd6 57. Kf5 Ke7 58. Kxg5 Kf7 59. Kh6
Kg8 60. Kg6 Kh8 61. Kf7 Kh7 62. g5 Kh8 1/2-1/2

[Event "DVM U20 2024"]
[Site "Breisach am Rhein GER"]
[Date "2024.12.28"]
[Round "4"]
[White "Khachaturyan, Konstantin"]
[Black "Schulter, Moritz"]
[Result "1-0"]
[Termination "normal"]
[Board "6.6"]
[WhiteElo "1807"]
[BlackElo "1762"]
[WhiteTeam "Karlsruher SF 1853"]
[BlackTeam "ESV Gera"]
[PlyCount "41"]
[WhiteFideId "16239083"]
[BlackFideId "16245067"]
[EventCountry "GER"]
[EventRounds "7"]
[EventType "team-swiss"]
[EventDate "2024.12.26"]

1. e4 e6 2. d4 d5 3. Nc3 Nf6 4. e5 Nfd7 5. Nce2 c5 6. c3 Nc6 7. Nf3 h5 8. Nf4
c4 9. h4 b5 10. Ng5 Nb6 11. Nxh5 f6 12. exf6 gxf6 13. Nh3 Bd7 14. Qf3 Be7 15.
Bg5 O-O 16. Bh6 Rf7 17. Qg4+ Kh7 18. N5f4 Be8 19. Qg6+ Kh8 20. Ng5 fxg5 21.
hxg5 1-0

[Event "DVM U20 2024"]
[Site "Breisach am Rhein GER"]
[Date "2024.12.28"]
[Round "4"]
[White "Gallas, Noel"]
[Black "Englert, Luca"]
[Result "1/2-1/2"]
[Termination "normal"]
[Board "7.1"]
[BlackTitle "FM"]
[WhiteElo "2115"]
[BlackElo "2305"]
[WhiteTeam "SF Essen-Katernberg 04/32"]
[BlackTeam "VfB Schach Leipzig"]
[PlyCount "70"]
[WhiteFideId "16216059"]
[BlackFideId "16293088"]
[EventCountry "GER"]
[EventRounds "7"]
[EventType "team-swiss"]
[EventDate "2024.12.26"]

1. e4 c5 2. Nc3 a6 3. g3 b5 4. Bg2 Bb7 5. Nge2 e6 6. O-O b4 7. Na4 Nf6 8. d3 d5
9. exd5 Bxd5 10. Bxd5 exd5 11. Bg5 Nbd7 12. c3 bxc3 13. Naxc3 Be7 14. d4 O-O
15. dxc5 Nxc5 16. Rb1 Nce4 17. Nxe4 Nxe4 18. Bxe7 Qxe7 19. Nc3 Rad8 20. Qe2
Rfe8 21. Nxe4 dxe4 22. Rfd1 Qe6 23. Rxd8 Rxd8 24. b4 f5 25. a4 f4 26. gxf4 e3
27. Re1 exf2+ 28. Qxf2 Qg6+ 29. Qg3 Qb6+ 30. Qe3 Qxb4 31. Qe6+ Kh8 32. Qe8+ Qf8
33. Qxf8+ Rxf8 34. Re6 Ra8 35. a5 Kg8 1/2-1/2

[Event "DVM U20 2024"]
[Site "Breisach am Rhein GER"]
[Date "2024.12.28"]
[Round "4"]
[White "Schön, Florian"]
[Black "Jahrke, Jonas"]
[Result "1-0"]
[Termination "normal"]
[Board "7.2"]
[WhiteElo "1919"]
[BlackElo "1881"]
[WhiteTeam "VfB Schach Leipzig"]
[BlackTeam "SF Essen-Katernberg 04/32"]
[PlyCount "111"]
[WhiteFideId "16259394"]
[BlackFideId "12984353"]
[EventCountry "GER"]
[EventRounds "7"]
[EventType "team-swiss"]
[EventDate "2024.12.26"]

1. e4 c5 2. Nf3 d6 3. Bc4 Nc6 4. O-O g6 5. a4 Bg7 6. c3 Nf6 7. d3 O-O 8. Ba2
Bg4 9. h3 Bxf3 10. Qxf3 a6 11. Be3 Nd7 12. Nd2 b5 13. Bd5 Nde5 14. Qe2 e6 15.
Bb3 Rc8 16. f4 Nd7 17. Nf3 c4 18. Bc2 cxd3 19. Bxd3 bxa4 20. Bxa6 Rb8 21. Rxa4
Nc5 22. Bxc5 dxc5 23. e5 Qb6 24. Ra2 Rfd8 25. Rfa1 Ne7 26. Bc4 Bh6 27. g3 Bf8
28. Nd2 h5 29. Ne4 Kg7 30. g4 hxg4 31. hxg4 Nd5 32. Qh2 Be7 33. Qf2 Rh8 34. f5
Bh4 35. f6+ Kg8 36. Qxc5 Qxc5+ 37. Nxc5 Ne3 38. Be2 Bg3 39. Ra8 Kh7 40. Rxb8
Rxb8 41. Rb1 Nd5 42. Kg2 Bxe5 43. Nd7 Nf4+ 44. Kf3 Nxe2 45. Nxb8 Bxb8 46. Kxe2
g5 47. Ke3 Kg6 48. b4 Kxf6 49. Ke4 Kg6 50. Rf1 Bf4 51. Rxf4 gxf4 52. Kxf4 Kf6
53. b5 e5+ 54. Ke4 Ke6 55. b6 Kd6 56. b7 1-0

[Event "DVM U20 2024"]
[Site "Breisach am Rhein GER"]
[Date "2024.12.28"]
[Round "4"]
[White "Rasch, Lukas"]
[Black "Allmendinger, Anton Johannes"]
[Result "1-0"]
[Termination "normal"]
[Board "7.3"]
[WhiteElo "1771"]
[BlackElo "1743"]
[WhiteTeam "SF Essen-Katernberg 04/32"]
[BlackTeam "VfB Schach Leipzig"]
[PlyCount "71"]
[WhiteFideId "16272072"]
[BlackFideId "34676961"]
[EventCountry "GER"]
[EventRounds "7"]
[EventType "team-swiss"]
[EventDate "2024.12.26"]

1. e4 c6 2. d4 d5 3. Nc3 dxe4 4. Nxe4 Nf6 5. Nxf6+ exf6 6. Nf3 Bd6 7. Bd3 O-O
8. O-O Bg4 9. Be3 Re8 10. c3 Nd7 11. Re1 Nf8 12. Be2 Bc7 13. Nd2 Qd6 14. Bxg4
Qxh2+ 15. Kf1 Ng6 16. Qf3 Qh1+ 17. Ke2 Nf4+ 18. Kd1 Qxg2 19. Kc2 f5 20. Bxf5
Qxf3 21. Nxf3 Ng2 22. Re2 Bf4 23. Kd2 Nxe3 24. fxe3 Bh6 25. Kd3 Re7 26. e4 g6
27. Bh3 Rae8 28. Rae1 Bg7 29. c4 h5 30. e5 Rd8 31. Ng5 Bh6 32. Ne4 Kg7 33. Nc3
g5 34. Bf5 Rde8 35. d5 f6 36. e6 1-0

[Event "DVM U20 2024"]
[Site "Breisach am Rhein GER"]
[Date "2024.12.28"]
[Round "4"]
[White "Widmann, Maximilian"]
[Black "Beetz, Ole"]
[Result "1/2-1/2"]
[Termination "normal"]
[Board "7.4"]
[WhiteElo "1771"]
[BlackElo "1788"]
[WhiteTeam "VfB Schach Leipzig"]
[BlackTeam "SF Essen-Katernberg 04/32"]
[PlyCount "49"]
[WhiteFideId "16281691"]
[BlackFideId "34628339"]
[EventCountry "GER"]
[EventRounds "7"]
[EventType "team-swiss"]
[EventDate "2024.12.26"]

1. Nf3 d5 2. c4 dxc4 3. Qa4+ Nc6 4. Qxc4 e5 5. d3 h6 6. g3 Nf6 7. Bg2 Bd6 8.
O-O O-O 9. a3 Be6 10. Qc2 Qd7 11. b4 Bh3 12. Bb2 Bxg2 13. Kxg2 a6 14. Nbd2 Rfe8
15. Nb3 e4 16. dxe4 Nxe4 17. Rfd1 Qe6 18. Nbd4 Nxd4 19. Nxd4 Rac8 20. e3 c5 21.
bxc5 Bxc5 22. Qb3 Bxd4 23. Rxd4 Qc6 24. h4 Qc2 25. Ra2 1/2-1/2

[Event "DVM U20 2024"]
[Site "Breisach am Rhein GER"]
[Date "2024.12.28"]
[Round "4"]
[White "Becker, Samuel"]
[Black "Feilhauer, Janick"]
[Result "1/2-1/2"]
[Termination "normal"]
[Board "7.5"]
[WhiteElo "1751"]
[BlackElo "1710"]
[WhiteTeam "SF Essen-Katernberg 04/32"]
[BlackTeam "VfB Schach Leipzig"]
[PlyCount "41"]
[WhiteFideId "16271653"]
[BlackFideId "16266358"]
[EventCountry "GER"]
[EventRounds "7"]
[EventType "team-swiss"]
[EventDate "2024.12.26"]

1. e4 c6 2. d4 d5 3. Nd2 dxe4 4. Nxe4 Bf5 5. Ng3 Bg6 6. Nf3 Nd7 7. h4 h6 8. h5
Bh7 9. Bd3 Bxd3 10. Qxd3 e6 11. Bd2 Ngf6 12. Ne4 Nxe4 13. Qxe4 Nf6 14. Qe2 Qb6
15. O-O-O c5 16. Bc3 Nd5 17. Bd2 cxd4 18. Nxd4 Be7 19. Qb5+ Qxb5 20. Nxb5 O-O
21. Nc3 1/2-1/2

[Event "DVM U20 2024"]
[Site "Breisach am Rhein GER"]
[Date "2024.12.28"]
[Round "4"]
[White "Wittig, Georg"]
[Black "Springmann, Simon"]
[Result "1-0"]
[Termination "normal"]
[Board "7.6"]
[WhiteElo "1692"]
[BlackElo "1464"]
[WhiteTeam "VfB Schach Leipzig"]
[BlackTeam "SF Essen-Katernberg 04/32"]
[PlyCount "35"]
[WhiteFideId "16266366"]
[BlackFideId "533025096"]
[EventCountry "GER"]
[EventRounds "7"]
[EventType "team-swiss"]
[EventDate "2024.12.26"]

1. d4 Nf6 2. c4 c5 3. Nf3 e6 4. Nc3 b6 5. e3 Bb7 6. b3 cxd4 7. Nxd4 Bb4 8. Bb2
O-O 9. f3 Nh5 10. Bd3 Qh4+ 11. Ke2 Nc6 12. Nc2 Bc5 13. Ne4 d6 14. Qe1 Qe7 15.
g4 Nf6 16. Nxf6+ gxf6 17. Qh4 e5 18. Qxh7# 1-0

[Event "DVM U20 2024"]
[Site "Breisach am Rhein GER"]
[Date "2024.12.28"]
[Round "4"]
[White "Helmbrecht, Paul"]
[Black "Neves, Carlos"]
[Result "1/2-1/2"]
[Termination "normal"]
[Board "8.1"]
[WhiteElo "1988"]
[BlackElo "1879"]
[WhiteTeam "FC Ergolding 1932"]
[BlackTeam "OSG Baden-Baden"]
[PlyCount "111"]
[WhiteFideId "16270932"]
[BlackFideId "16258320"]
[EventCountry "GER"]
[EventRounds "7"]
[EventType "team-swiss"]
[EventDate "2024.12.26"]

1. c4 g6 2. g3 Bg7 3. Bg2 Nf6 4. Nc3 d6 5. Nf3 O-O 6. O-O c5 7. d3 Nc6 8. h3 h6
9. Be3 Be6 10. Qd2 Kh7 11. g4 Nd7 12. g5 h5 13. Nh4 Qc8 14. Nd5 Nb6 15. Nf4 Bd7
16. Be4 Ne5 17. Kh2 Bc6 18. Nd5 e6 19. Ne7 Qc7 20. Nxc6 Nxc6 21. Bf4 Qd7 22.
Bg2 Rad8 23. Rac1 Nc8 24. Nf3 N8e7 25. a3 Nf5 26. e4 Nfd4 27. Qd1 Nxf3+ 28.
Bxf3 Bxb2 29. Rb1 Be5 30. Bg3 Bxg3+ 31. fxg3 Nd4 32. Bxh5 Kg7 33. Bg4 Rb8 34.
Qe1 Qe7 35. e5 Qxg5 36. exd6 Rfd8 37. Rb2 Rxd6 38. h4 Qe7 39. Qe5+ Kg8 40. Qxc5
Rd7 41. Qxe7 Rxe7 42. Rfb1 Rd7 43. Kg2 Nc6 44. Bf3 Ne5 45. Be4 b6 46. Rb5 Nxd3
47. c5 Rd4 48. Bxd3 Rxd3 49. a4 Ra8 50. a5 bxc5 51. Rxc5 Rad8 52. Rc7 Rd2+ 53.
Kh3 R8d7 54. Rbb7 Rxc7 55. Rxc7 Kg7 56. Rxa7 1/2-1/2

[Event "DVM U20 2024"]
[Site "Breisach am Rhein GER"]
[Date "2024.12.28"]
[Round "4"]
[White "Uhlmann, Jonas"]
[Black "Lichtinger, Simon"]
[Result "1/2-1/2"]
[Termination "normal"]
[Board "8.2"]
[WhiteElo "1850"]
[BlackElo "1909"]
[WhiteTeam "OSG Baden-Baden"]
[BlackTeam "FC Ergolding 1932"]
[PlyCount "46"]
[WhiteFideId "16258576"]
[BlackFideId "16230442"]
[EventCountry "GER"]
[EventRounds "7"]
[EventType "team-swiss"]
[EventDate "2024.12.26"]

1. e4 c5 2. g3 e6 3. Bg2 d5 4. exd5 exd5 5. Nf3 Nf6 6. O-O Be7 7. d4 O-O 8. c3
Re8 9. dxc5 Bxc5 10. Nbd2 h6 11. Nb3 Bf8 12. Nbd4 Nbd7 13. b3 Ne4 14. Qc2 Ndf6
15. c4 dxc4 16. Qxc4 Bd7 17. Bb2 Rc8 18. Qd3 Qa5 19. a3 b5 20. b4 Qb6 21. Rac1
a5 22. Rxc8 Rxc8 23. Ne5 Nd6 1/2-1/2

[Event "DVM U20 2024"]
[Site "Breisach am Rhein GER"]
[Date "2024.12.28"]
[Round "4"]
[White "Klein, Maxim"]
[Black "Yin, Vito"]
[Result "1/2-1/2"]
[Termination "normal"]
[Board "8.3"]
[WhiteElo "1701"]
[BlackElo "1845"]
[WhiteTeam "FC Ergolding 1932"]
[BlackTeam "OSG Baden-Baden"]
[PlyCount "88"]
[WhiteFideId "16281632"]
[BlackFideId "34601759"]
[EventCountry "GER"]
[EventRounds "7"]
[EventType "team-swiss"]
[EventDate "2024.12.26"]

1. e4 c5 2. Nf3 d6 3. d4 cxd4 4. Qxd4 Nc6 5. Bb5 Bd7 6. Bxc6 Bxc6 7. Nc3 Nf6 8.
Bg5 e6 9. O-O-O Be7 10. Rhe1 h6 11. Bh4 Qa5 12. Kb1 Rd8 13. Qd2 Qb6 14. Bg3 Nh5
15. Nd4 Nxg3 16. hxg3 a6 17. Nxc6 bxc6 18. Qd4 Qxd4 19. Rxd4 O-O 20. Rd3 Rb8
21. b3 Rb7 22. Kc1 Rc8 23. Kd1 c5 24. Na4 Rcc7 25. c4 Rd7 26. Nc3 h5 27. Rh1 g6
28. Kc2 Bf6 29. Rhd1 Bd4 30. f3 e5 31. Ne2 f5 32. Nc3 Rh7 33. Rh1 Rbf7 34. exf5
gxf5 35. Rdd1 Rfg7 36. Nd5 Kf7 37. Rh3 Bf2 38. Nc3 Ke6 39. Ne2 Be3 40. Rd3 Bd4
41. Rd1 Be3 42. Rd3 f4 43. gxf4 Bxf4 44. Nxf4+ exf4 1/2-1/2

[Event "DVM U20 2024"]
[Site "Breisach am Rhein GER"]
[Date "2024.12.28"]
[Round "4"]
[White "Bossert, Moritz"]
[Black "Lohr, Alexander"]
[Result "1/2-1/2"]
[Termination "normal"]
[Board "8.4"]
[WhiteElo "1744"]
[BlackElo "1612"]
[WhiteTeam "OSG Baden-Baden"]
[BlackTeam "FC Ergolding 1932"]
[PlyCount "51"]
[WhiteFideId "16239946"]
[BlackFideId "16297865"]
[EventCountry "GER"]
[EventRounds "7"]
[EventType "team-swiss"]
[EventDate "2024.12.26"]

1. d4 d5 2. Nf3 Nf6 3. c4 c6 4. g3 g6 5. Bg2 Bg7 6. O-O O-O 7. Nc3 Bg4 8. Ne5
Be6 9. cxd5 Nxd5 10. Nxd5 Bxd5 11. e4 Be6 12. Nf3 Qb6 13. e5 Re8 14. Qe2 Na6
15. Be3 Bd5 16. a3 Nc7 17. Rfd1 Ne6 18. Ng5 Nxg5 19. Bxg5 f6 20. Bxd5+ cxd5 21.
Be3 Rac8 22. Rac1 Qe6 23. f4 f5 24. Qb5 b6 25. Rxc8 Rxc8 26. Rc1 1/2-1/2

[Event "DVM U20 2024"]
[Site "Breisach am Rhein GER"]
[Date "2024.12.28"]
[Round "4"]
[White "Lieder, Dominik"]
[Black "Stankovic, David"]
[Result "0-1"]
[Termination "normal"]
[Board "8.5"]
[WhiteElo "1568"]
[BlackElo "1677"]
[WhiteTeam "FC Ergolding 1932"]
[BlackTeam "OSG Baden-Baden"]
[PlyCount "52"]
[WhiteFideId "16281209"]
[BlackFideId "16240685"]
[EventCountry "GER"]
[EventRounds "7"]
[EventType "team-swiss"]
[EventDate "2024.12.26"]

1. e4 c5 2. Nf3 d6 3. b3 Nf6 4. Bb2 Nxe4 5. Bc4 Nc6 6. d3 Nf6 7. d4 cxd4 8.
Nxd4 e5 9. Nf3 e4 10. Ng5 Qa5+ 11. Qd2 Qxd2+ 12. Nxd2 d5 13. Be2 h6 14. Nh3
Bxh3 15. gxh3 O-O-O 16. O-O-O Bc5 17. Bxf6 gxf6 18. c4 f5 19. cxd5 Rxd5 20. Bc4
Rd7 21. f3 Rhd8 22. Rhe1 Ba3+ 23. Kc2 Nd4+ 24. Kc3 Nxf3 25. Re2 Nxd2 26. Rexd2
Bb4+ 0-1

[Event "DVM U20 2024"]
[Site "Breisach am Rhein GER"]
[Date "2024.12.28"]
[Round "4"]
[White "Baihaghi, Arash"]
[Black "Paringer, Jakob"]
[Result "1-0"]
[Termination "normal"]
[Board "8.6"]
[WhiteElo "1693"]
[BlackElo "1531"]
[WhiteTeam "OSG Baden-Baden"]
[BlackTeam "FC Ergolding 1932"]
[PlyCount "67"]
[WhiteFideId "34604979"]
[BlackFideId "34605134"]
[EventCountry "GER"]
[EventRounds "7"]
[EventType "team-swiss"]
[EventDate "2024.12.26"]

1. e4 c5 2. Nf3 d6 3. d4 cxd4 4. Nxd4 Nf6 5. Bb5+ Bd7 6. c4 a6 7. Bxd7+ Nbxd7
8. Nc3 e6 9. Be3 Be7 10. O-O O-O 11. Qd2 Rc8 12. Qe2 Qc7 13. b3 Nc5 14. f3 Rfd8
15. Rfd1 d5 16. exd5 exd5 17. Nf5 dxc4 18. Bf4 Qxf4 19. Nxe7+ Kh8 20. Nxc8 Rxc8
21. Qxc4 Qe3+ 22. Kh1 Re8 23. h3 b5 24. Qd4 Qg5 25. Nd5 Ne6 26. Qe3 Qf5 27.
Nxf6 Qxf6 28. Rac1 Qb2 29. Rd7 Kg8 30. Re1 Qxa2 31. Qa7 Qxb3 32. Rxf7 h5 33.
Qd7 Nc7 34. Rxe8+ 1-0

[Event "DVM U20 2024"]
[Site "Breisach am Rhein GER"]
[Date "2024.12.29"]
[Round "5"]
[White "Schuricht, Emil Frederick"]
[Black "Bethke, Richard"]
[Result "1/2-1/2"]
[Termination "normal"]
[Board "1.1"]
[BlackTitle "FM"]
[WhiteElo "2357"]
[BlackElo "2371"]
[WhiteTeam "Krefelder SK Turm 1851"]
[BlackTeam "SF Neuberg"]
[PlyCount "98"]
[WhiteFideId "16270185"]
[BlackFideId "12959243"]
[EventCountry "GER"]
[EventRounds "7"]
[EventType "team-swiss"]
[EventDate "2024.12.26"]

1. c4 f5 2. Nf3 e6 3. g3 d5 4. cxd5 exd5 5. Bg2 Nc6 6. O-O Nf6 7. d3 Be7 8. b3
Be6 9. Bb2 Qd7 10. e3 O-O 11. Nc3 Rad8 12. Ne2 Qe8 13. Ng5 Bd6 14. Nf4 Bxf4 15.
exf4 h6 16. Nf3 d4 17. Re1 Qd7 18. Ne5 Nxe5 19. fxe5 Nd5 20. Bxd4 Nf4 21. gxf4
Qxd4 22. Qf3 Bd5 23. Qe3 Bxg2 24. Kxg2 Qd5+ 25. Qf3 Qxf3+ 26. Kxf3 Rxd3+ 27.
Ke2 Rd4 28. Rad1 Rxf4 29. Rd7 Rf7 30. e6 Re4+ 31. Kf1 Rxe1+ 32. Kxe1 Rf6 33.
Rd8+ Kh7 34. Re8 c5 35. Kd2 b5 36. a4 a6 37. axb5 axb5 38. Rc8 Rxe6 39. Rxc5 f4
40. Kd1 Rg6 41. Ke2 Rg5 42. b4 Kg6 43. Rc6+ Kf5 44. Kf3 Ke5 45. h4 Rf5 46. Rc5+
Ke6 47. Rc6+ Kd5 48. Rc5+ Ke6 49. Rc6+ Kd5 1/2-1/2

[Event "DVM U20 2024"]
[Site "Breisach am Rhein GER"]
[Date "2024.12.29"]
[Round "5"]
[White "Baranyai-Molnar, Adam-Kristof"]
[Black "Panjer, Sidney"]
[Result "1/2-1/2"]
[Termination "normal"]
[Board "1.2"]
[WhiteElo "2250"]
[BlackElo "2193"]
[WhiteTeam "SF Neuberg"]
[BlackTeam "Krefelder SK Turm 1851"]
[PlyCount "128"]
[WhiteFideId "768022"]
[BlackFideId "16207041"]
[EventCountry "GER"]
[EventRounds "7"]
[EventType "team-swiss"]
[EventDate "2024.12.26"]

1. e4 g6 2. d4 Bg7 3. Nc3 d5 4. exd5 Nf6 5. Bb5+ Nbd7 6. Nf3 O-O 7. O-O Nb6 8.
Ne5 Nbxd5 9. Nxd5 Nxd5 10. Be2 c5 11. f4 Qb6 12. c4 cxd4 13. cxd5 d3+ 14. Kh1
dxe2 15. Qxe2 Rd8 16. Rd1 Bf5 17. Be3 Qa5 18. Qd2 Qa6 19. Qb4 e6 20. Qe7 f6 21.
dxe6 Rxd1+ 22. Rxd1 Qxe6 23. Rd8+ Rxd8 24. Qxd8+ Bf8 25. Bc5 Qc8 26. Qxc8 Bxc8
27. Bxf8 Kxf8 28. Nf3 Ke7 29. Kg1 Kd6 30. Kf2 Be6 31. a3 Kc5 32. Ke3 Bd5 33.
Ne1 Kc4 34. b4 b6 35. g4 h6 36. h4 Kb3 37. Kd4 Be6 38. g5 fxg5 39. fxg5 hxg5
40. hxg5 Kxa3 41. Kc3 Ka4 42. Nf3 Bd5 43. Ne5 Be4 44. Kd4 Bb1 45. Kc4 a5 46.
bxa5 Kxa5 47. Nc6+ Ka4 48. Nb4 Bf5 49. Nc6 Be6+ 50. Kc3 Ba2 51. Ne5 Bb1 52. Nc4
b5 53. Nb6+ Ka3 54. Nd5 Be4 55. Nb4 Ka4 56. Na6 Ka5 57. Nb4 Bb7 58. Nd3 Bc8 59.
Nb4 Be6 60. Nc6+ Kb6 61. Ne5 Bf5 62. Kb4 Ka6 63. Nc6 Kb7 64. Nd4 Bd3 1/2-1/2

[Event "DVM U20 2024"]
[Site "Breisach am Rhein GER"]
[Date "2024.12.29"]
[Round "5"]
[White "Nezhyvenko, Mykhaylo"]
[Black "Eull, Emil"]
[Result "1/2-1/2"]
[Termination "normal"]
[Board "1.3"]
[WhiteElo "2080"]
[BlackElo "2145"]
[WhiteTeam "Krefelder SK Turm 1851"]
[BlackTeam "SF Neuberg"]
[PlyCount "57"]
[WhiteFideId "34139885"]
[BlackFideId "16253809"]
[EventCountry "GER"]
[EventRounds "7"]
[EventType "team-swiss"]
[EventDate "2024.12.26"]

1. e4 e5 2. Nf3 Nc6 3. d4 exd4 4. Nxd4 Nf6 5. Nxc6 bxc6 6. e5 Qe7 7. Qe2 Nd5 8.
c4 Nb6 9. Nc3 Qe6 10. Qe4 f6 11. exf6 Qxe4+ 12. Nxe4 gxf6 13. Nxf6+ Kf7 14. Ne4
Bb4+ 15. Bd2 Bxd2+ 16. Kxd2 d5 17. cxd5 cxd5 18. Nc5 Ke7 19. Bd3 Kd6 20. Rac1
Nc4+ 21. Bxc4 Kxc5 22. Bd3+ Kd6 23. b4 Rb8 24. a3 a5 25. b5 Bd7 26. Rb1 Rhf8
27. f3 h5 28. Rhf1 Rf4 29. Rfc1 1/2-1/2

[Event "DVM U20 2024"]
[Site "Breisach am Rhein GER"]
[Date "2024.12.29"]
[Round "5"]
[White "Schuricht, Paul Alexander"]
[Black "Feick, Claas Marten"]
[Result "1/2-1/2"]
[Termination "normal"]
[Board "1.5"]
[WhiteElo "1856"]
[BlackElo "1840"]
[WhiteTeam "Krefelder SK Turm 1851"]
[BlackTeam "SF Neuberg"]
[PlyCount "64"]
[WhiteFideId "16270177"]
[BlackFideId "34634169"]
[EventCountry "GER"]
[EventRounds "7"]
[EventType "team-swiss"]
[EventDate "2024.12.26"]

1. d4 f5 2. Bg5 Nf6 3. Bxf6 exf6 4. e3 d5 5. c4 Be6 6. Qb3 dxc4 7. Bxc4 Bxc4 8.
Qxc4 Qd7 9. Nc3 Qc6 10. Qxc6+ Nxc6 11. Nge2 a6 12. a3 Bd6 13. b4 O-O 14. O-O
Na7 15. Rfc1 Rfd8 16. g3 Kf7 17. Rc2 Nb5 18. a4 Nxc3 19. Rxc3 Rd7 20. Rb1 g5
21. Nc1 f4 22. exf4 gxf4 23. Nd3 fxg3 24. hxg3 h5 25. Nc5 Bxc5 26. Rxc5 Kg6 27.
d5 Rad8 28. Rbc1 Rc8 29. Kg2 f5 30. Kf3 Kf6 31. b5 axb5 32. Rxb5 Ra8 1/2-1/2